| 000 | 00601nam a22001937a 4500 | ||
|---|---|---|---|
| 999 |
_c13577 _d13577 |
||
| 003 | AR-CdUCM | ||
| 008 | 190415b ||||| |||| 00| 0 spa d | ||
| 040 |
_aMUNICIPALIDAD PROVINCIAL DEL CUSCO _cBIBLIOTECA MUNICIPAL DEL CUSCO |
||
| 082 |
_a294.34 / _bH73 |
||
| 100 |
_aHongzhi, Li _932038 |
||
| 245 |
_aZhuan Falun : _bGirando la Rueda el Fa / |
||
| 260 |
_aArgentina : _c2004. _bGrito Sagrado ; |
||
| 300 |
_a348 páginas ; _c21cm |
||
| 505 | _aContenido: Ejercicios espirituales | ||
| 650 |
_aBudismo _916559 |
||
| 650 |
_aReligiosidad _93731 |
||
| 942 |
_2ddc _cLIBROS |
||
| 945 |
_anom _d2019-04-15 |
||